High-Power converters and AC drivers
Bewaard in:
| Hoofdauteur: | |
|---|---|
| Andere auteurs: | |
| Formaat: | Onbekend |
| Taal: | Engels |
| Gepubliceerd in: |
Hoboken, Estados Unidos
John Wiley and Sons, Inc.
2017
|
| Editie: | Segunda edición |
| Onderwerpen: | |
| Tags: |
Voeg label toe
Geen labels, Wees de eerste die dit record labelt!
|
MARC
| LEADER | 00000 a2200000 4500 | ||
|---|---|---|---|
| 003 | CL-VaPUC | ||
| 005 | 20210512201714.0 | ||
| 008 | 200319b ||||| |||| 00| 0 eng d | ||
| 999 | |c 416871 |d 416869 | ||
| 020 | |a 9781119156031 | ||
| 040 | |c Pontificia Universidad Católica de Valparaíso | ||
| 082 | 0 | 4 | |2 21 |a 621.313 WU 2017 |
| 100 | 1 | |a Wu, Bin |9 719907 | |
| 245 | 1 | 0 | |a High-Power converters and AC drivers |
| 250 | |a Segunda edición | ||
| 260 | |c 2017 |a Hoboken, Estados Unidos |b John Wiley and Sons, Inc. | ||
| 300 | |a 451 p | ||
| 583 | |k Cristina Rojas |c 20200319 | ||
| 650 | 0 | 0 | |a Convertidores |9 348439 |
| 650 | 0 | 0 | |a Energía eléctrica |9 256678 |
| 700 | 1 | |a Narimani, Nehdi |9 737729 | |
| 942 | |2 ddc |c BK | ||
| 952 | |0 0 |1 0 |2 ddc |4 0 |6 621_313000000000000_WU_2017 |7 0 |8 A |9 561001 |a BIBING |b BIBING |c GEN |d 2020-03-11 |e 1 |g 104956.00 |i 5574048 |l 2 |o 621.313 WU 2017 |p 5574048 |r 2025-04-30 |s 2025-04-25 |t 1 |v 104956.00 |w 2020-03-11 |y BK |k EIE | ||